000 00562pam a2200217 a 4500
001 1933646
005 20180227032327.0
008 860812s1987 nyuaf 001 0 eng
010 _a 86019809
020 _a0827327560
020 _a0827327579 (instructor's guide)
040 _aDLC
_cDLC
_dDLC
041 _aeng
080 _a712 jac
082 0 0 _a712 jac
_219
100 1 _a42
101 _aark
245 1 0 _aLandscaping :
_cJack E. Ingels.
906 _a7
_bcbc
_corignew
_d1
_eocip
_f19
_gy-gencatlg
942 _2ddc
_cBK
999 _c43528
_d43528